Algebra for computer science

Αποθηκεύτηκε σε:
Λεπτομέρειες βιβλιογραφικής εγγραφής
Κύριος συγγραφέας: Garding, Lars 1919-
Άλλοι συγγραφείς: Tambour, Torbjorn
Μορφή: Βιβλίο
Γλώσσα:English
Δημοσίευση: New York : Springer-Verlag, c1988
Σειρά:Universitext
Θέματα:
Ετικέτες: Προσθήκη ετικέτας
Δεν υπάρχουν, Καταχωρήστε ετικέτα πρώτοι!

MARC

LEADER 00000nam a2200000 i 4500
001 1/45574
008 031127s1988 eng d
020 |a 0-387-96780-X 
020 |a 3-540-96780-X 
035 |l 10071747 
040 |a GR-MY-UA  |b gre  |e aacr 
041 0 |a eng 
082 0 |a 004.01512 
100 1 |a Garding, Lars  |d 1919- 
245 1 0 |a Algebra for computer science /  |c Lars Garding, Torbjorn Tambour 
260 |a New York :   |b Springer-Verlag,   |c c1988 
300 |a ix, 198 p.;  |c 24 cm. 
490 1 |a Universitext 
504 |a Includes bibliographical references and index 
650 0 0 |a Computer science  |x Mathematics. 
700 1 |a Tambour, Torbjorn. 
830 0 |a Universitext 
852 |a INST  |b SAMOS  |e 20031127  |h 004.01512 GAR  |p 005300023597  |q 005300023597  |t BK  |y 0 
901 |a BIBL3-2003-3 
909 |a Σ  |b 099390 
922 |a 3ΕΛΗ  |b 200309  |c ΜΕΤΑΠΤ/ΤΜΗΜΑ ΜΑΘΗΜΑΤΙΚΩΝ  |d GLORYBOOK 
970 |a ΜΑΛΑΓΑΡΗ  |b ΦΩΤΕΙΝΗ  |z 2003/11/27